| 000 | 00905nam a2200217Ia 4500 | ||
|---|---|---|---|
| 003 | OSt | ||
| 005 | 20210806141554.0 | ||
| 008 | 210310q1953 ag fr 000 0 spa d | ||
| 040 |
_aCO-JMCR _cCO-JMCR |
||
| 041 | 0 | _aspa | |
| 082 | 0 | 4 |
_a332.9482 / _bB398c _223 |
| 100 | 1 |
_aBecu, Carlos Teodoro, _916690 _eautor |
|
| 245 | 1 | 3 |
_aEl control del dinero en la Argentina / _cCarlos Teodoro Becu |
| 260 |
_aBuenos Aires : _bLibrería Jurídica Valerio Abeledo, _c1953 impresión |
||
| 300 |
_a156 páginas ; _c20 cm. |
||
| 504 | _aBibliografía: páginas 149-152 | ||
| 505 | 0 | _aEl dinero en la economía -- Objeto del control del dinero - La autoridad monetaria -- Los bancos oficiales -- Los bancos privados y otras instituciones -- La emisión de dinero -- El control de crédito | |
| 650 | 1 | 4 |
_aEconomía argentina _916692 _xDinero |
| 650 | 2 | 4 |
_aBancos _xControl de crédito _zArgentina _939169 |
| 942 |
_2ddc _cBK |
||
| 999 |
_c8230 _d8230 |
||